[Event "Madrid-ch"]
[Site "Madrid"]
[Date "2022.05.30"]
[Round "6"]
[White "Alarcia Astiz, Carlos"]
[Black "Moreno Ruiz, Javier"]
[Result "1/2-1/2"]
[WhiteElo "2273"]
[BlackElo "2422"]
[PlyCount "52"]
[EventDate "2022.05.25"]
[EventType "swiss"]
[EventRounds "7"]
[EventCountry "ESP"]
[SourceTitle "EXT 2023"]
[Source "ChessBase"]
[SourceDate "2022.10.05"]
[SourceVersion "1"]
[SourceVersionDate "2022.10.05"]
[SourceQuality "1"]

1. e4 c5 2. Nf3 Nc6 3. d4 cxd4 4. Nxd4 e5 5. Nb5 d6 6. c4 Be7 7. N1c3 a6 8. Na3 Be6 9. Nc2 Bg5 10. Be2 Bxc1 11. Rxc1 Nf6 12. 0-0 0-0 13. Qd2 Qb6 14. Rfd1 Rfd8 15. b3 Rac8 16. h3 h6 17. Ne3 Nd4 18. Nc2 Nc6 19. Ne3 Kf8 20. Bg4 Qa5 21. Bxe6 fxe6 22. Ng4 Nxg4 23. hxg4 Rc7 24. Qe3 Nd4 25. g5 Kg8 26. gxh6 Rf8 1/2-1/2

[Event "Madrid-chT Honor 2122"]
[Site "Madrid"]
[Date "2022.03.12"]
[Round "13.3"]
[White "Alarcia Astiz, Carlos"]
[Black "Reyes Penas, Sebastian"]
[Result "0-1"]
[WhiteElo "2294"]
[BlackElo "2163"]
[PlyCount "48"]
[EventDate "2021.11.27"]
[EventType "team-tourn"]
[EventRounds "14"]
[EventCountry "ESP"]
[SourceTitle "EXT 2024"]
[Source "ChessBase"]
[SourceDate "2023.10.10"]
[SourceVersion "1"]
[SourceVersionDate "2023.10.10"]
[SourceQuality "1"]
[WhiteTeam "Blanco y Negro"]
[BlackTeam "San Sebastian de los Reyes"]
[WhiteTeamCountry "ESP"]
[BlackTeamCountry "ESP"]

1. e4 c5 2. Nf3 a6 3. d4 cxd4 4. Nxd4 Nf6 5. Nc3 e5 6. Nb3 Bb4 7. Qd3 d5 8. exd5 Qxd5 9. Bd2 Qxd3 10. Bxd3 Nc6 11. 0-0 Be6 12. Rad1 0-0-0 13. Rfe1 Rhe8 14. h3 h6 15. Nc1 Nd7 16. a3 Be7 17. f4 Nc5 18. fxe5 Bh4 19. Re2 Nxd3 20. Nxd3 Bc4 21. Bf4 Rd4 22. Re4 Red8 23. Rxd4 Nxd4 24. Ne1 Ne2+ 0-1

[Event "Madrid-chT Honor 2122"]
[Site "Madrid"]
[Date "2022.02.20"]
[Round "10.3"]
[White "Alarcia Astiz, Carlos"]
[Black "Montoliu Cervero, Francisco"]
[Result "0-1"]
[WhiteElo "2310"]
[BlackElo "2415"]
[PlyCount "100"]
[EventDate "2021.11.27"]
[EventType "team-tourn"]
[EventRounds "14"]
[EventCountry "ESP"]
[SourceTitle "EXT 2024"]
[Source "ChessBase"]
[SourceDate "2023.10.10"]
[SourceVersion "1"]
[SourceVersionDate "2023.10.10"]
[SourceQuality "1"]
[WhiteTeam "Blanco y Negro"]
[BlackTeam "Villalba 64"]
[WhiteTeamCountry "ESP"]
[BlackTeamCountry "ESP"]

1. e4 c5 2. Nf3 d6 3. d4 cxd4 4. Nxd4 Nf6 5. Nc3 a6 6. f4 e5 7. Nf3 Nbd7 8. Bd3 b5 9. a3 Bb7 10. 0-0 Be7 11. Kh1 0-0 12. Qe1 Qc7 13. fxe5 dxe5 14. Qg3 g6 15. Bh6 Rfe8 16. Ng5 Bf8 17. Qh4 Qd6 18. Rf3 Bxh6 19. Qxh6 Qf8 20. Qh4 h6 21. Nh3 Qg7 22. Qf2 Re6 23. Rf1 Rf8 24. Ng1 Rd6 25. Nge2 Nh7 26. Qe3 Ng5 27. Rg3 Nf6 28. Qc5 Re6 29. Re3 Rc8 30. Qb4 Qf8 31. Nc1 Qd8 32. Nb3 Rd6 33. Re2 Ne6 34. Ref2 Nf4 35. Rxf4 exf4 36. Rxf4 Qe7 37. h3 Qe5 38. Rf1 Nh5 39. Ne2 Rf6 40. Rxf6 Nxf6 41. Nd2 Re8 42. Nf3 Qe7 43. Qd2 Nxe4 44. Bxe4 Qxe4 45. Ned4 Qe3 46. Qd1 Qf2 47. Kh2 Bxf3 48. Nxf3 Re2 49. Qd8+ Kh7 50. Nh4 Qf4+ 0-1

[Event "Madrid-chT 1920 Honor"]
[Site "Madrid"]
[Date "2020.02.29"]
[Round "11.5"]
[White "Alarcia Astiz, Carlos"]
[Black "Barraza Caracuel, Ignacio"]
[Result "1-0"]
[WhiteElo "2302"]
[BlackElo "2128"]
[PlyCount "87"]
[EventDate "2019.11.24"]
[EventType "team-tourn"]
[EventRounds "12"]
[EventCountry "ESP"]
[SourceTitle "EXT 2021"]
[Source "ChessBase"]
[SourceDate "2020.10.23"]
[SourceVersion "1"]
[SourceVersionDate "2020.10.23"]
[SourceQuality "1"]
[WhiteTeam "Blanco y Negro"]
[BlackTeam "Liberty Chess"]
[WhiteTeamCountry "ESP"]
[BlackTeamCountry "ESP"]

1. e4 e5 2. Nf3 Nc6 3. Bc4 Nf6 4. d3 Bc5 5. 0-0 d6 6. c3 Bg4 7. Nbd2 0-0 8. h3 Be6 9. Re1 h6 10. b4 Bb6 11. Qb3 Qd7 12. Bxe6 fxe6 13. Nc4 Nh5 14. a4 a6 15. Nxb6 cxb6 16. Re3 Nf4 17. Ra2 Rf6 18. Kh2 Raf8 19. Ne1 Qf7 20. Rf3 Qh5 21. Be3 b5 22. axb5 axb5 23. Rg3 Kh7 24. Rd2 d5 25. Bc5 R8f7 26. Qa2 d4 27. c4 bxc4 28. dxc4 Ne7 29. b5 Neg6 30. Bb6 Nh4 31. Bd8 Nfxg2 32. Bxf6 Nxe1 33. Bxh4 Qxh4 34. Re2 Nf3+ 35. Kg2 d3 36. Re3 d2 37. Qb1 Ng5 38. f3 Nxh3 39. Rxh3 Qg5+ 40. Kf2 Rd7 41. Rd3 Qd8 42. Rxd7 Qxd7 43. Ke2 Qd4 44. Rh1 1-0

[Event "Madrid-chT 1920 Honor"]
[Site "Madrid"]
[Date "2020.02.16"]
[Round "9.3"]
[White "Mkrtchyan, Levon"]
[Black "Alarcia Astiz, Carlos"]
[Result "1/2-1/2"]
[WhiteElo "2198"]
[BlackElo "2302"]
[PlyCount "59"]
[EventDate "2019.11.24"]
[EventType "team-tourn"]
[EventRounds "12"]
[EventCountry "ESP"]
[SourceTitle "EXT 2021"]
[Source "ChessBase"]
[SourceDate "2020.10.23"]
[SourceVersion "1"]
[SourceVersionDate "2020.10.23"]
[SourceQuality "1"]
[WhiteTeam "Tajamar"]
[BlackTeam "Blanco y Negro"]
[WhiteTeamCountry "ESP"]
[BlackTeamCountry "ESP"]

1. e4 c6 2. d4 d5 3. Nc3 dxe4 4. Nxe4 Bf5 5. Ng3 Bg6 6. Nf3 Nd7 7. h4 h6 8. h5 Bh7 9. Bd3 Bxd3 10. Qxd3 e6 11. Bf4 Qa5+ 12. Bd2 Qc7 13. 0-0-0 0-0-0 14. c4 Ngf6 15. Ne4 Nxe4 16. Qxe4 Nf6 17. Qe2 c5 18. Rh4 Bd6 19. g3 Rhe8 20. Bc3 a6 21. Ne5 cxd4 22. Rhxd4 Bc5 23. Rxd8+ Rxd8 24. Rxd8+ Kxd8 25. Ng4 Ne8 26. b3 Qc6 27. Qd1+ Ke7 28. Ne5 Qc7 29. Qf3 Kf8 30. Kc2 1/2-1/2

[Event "Madrid-chT 1920 Honor"]
[Site "Madrid"]
[Date "2020.02.02"]
[Round "7.5"]
[White "Alarcia Astiz, Carlos"]
[Black "Suarez Uriel, Adrian"]
[Result "1-0"]
[WhiteElo "2302"]
[BlackElo "2371"]
[PlyCount "106"]
[EventDate "2019.11.24"]
[EventType "team-tourn"]
[EventRounds "12"]
[EventCountry "ESP"]
[SourceTitle "EXT 2021"]
[Source "ChessBase"]
[SourceDate "2020.10.23"]
[SourceVersion "1"]
[SourceVersionDate "2020.10.23"]
[SourceQuality "1"]
[WhiteTeam "Blanco y Negro"]
[BlackTeam "Collado Villalba"]
[WhiteTeamCountry "ESP"]
[BlackTeamCountry "ESP"]

1. e4 c5 2. Nf3 Nc6 3. d4 cxd4 4. Nxd4 g6 5. Nc3 Bg7 6. Be3 Nf6 7. Bc4 0-0 8. Bb3 Re8 9. f3 e6 10. 0-0 d5 11. exd5 Nxd5 12. Nxd5 exd5 13. Bf2 Qg5 14. Kh1 Qh5 15. Nxc6 bxc6 16. Bd4 Bf8 17. Re1 Rxe1+ 18. Qxe1 Bd7 19. Qg1 a5 20. a4 Re8 21. Bb6 Bb4 22. Bc7 Bd2 23. Rd1 Qg5 24. Qf2 Be3 25. Qg3 Qf6 26. Bxa5 h5 27. Bc7 h4 28. Qd6 Qf5 29. h3 Kh7 30. a5 g5 31. Qb4 Qf6 32. Qd6 Qf5 33. Qb4 Bc8 34. Qa4 Qe6 35. Re1 Qd7 36. Bh2 Bd2 37. Rd1 Qe6 38. Qd4 Bxa5 39. c4 Qe2 40. Qf6 Qe7 41. Qxe7 Rxe7 42. cxd5 cxd5 43. Bxd5 Bf5 44. Bc4 Bc2 45. Rc1 Bd2 46. Ra1 f6 47. Bg1 Kg6 48. b3 Bf4 49. b4 Rc7 50. Bf1 Be5 51. Rc1 Kf7 52. b5 Bf4 53. b6 Rb7 1-0

[Event "Madrid-chT 1819"]
[Site "Madrid"]
[Date "2019.02.02"]
[Round "8.3"]
[White "Alarcia Astiz, Carlos"]
[Black "Soham, Das1111"]
[Result "0-1"]
[WhiteElo "2299"]
[BlackElo "2389"]
[PlyCount "74"]
[EventDate "2018.11.17"]
[EventType "team-tourn"]
[EventRounds "14"]
[EventCountry "ESP"]
[SourceTitle "CBM 189 Extra"]
[Source "ChessBase"]
[SourceDate "2019.06.03"]
[SourceVersion "1"]
[SourceVersionDate "2019.06.03"]
[SourceQuality "1"]
[WhiteTeam "Blanco y Negro"]
[BlackTeam "Villalba 64"]
[WhiteTeamCountry "ESP"]
[BlackTeamCountry "ESP"]

1. e4 c5 2. Nf3 d6 3. d4 cxd4 4. Nxd4 Nf6 5. Nc3 a6 6. f4 Qc7 7. Bd3 e5 8. Nf3 Nbd7 9. 0-0 g6 10. Kh1 Bg7 11. Qe1 b5 12. a3 Bb7 13. Qh4 h6 14. fxe5 dxe5 15. Be3 Nc5 16. Bxc5 Qxc5 17. Nd2 Rd8 18. Nb3 Qc7 19. a4 b4 20. Na2 0-0 21. a5 Nxe4 22. Bxe4 Qc4 23. Qe1 Bxe4 24. Nd2 Bxg2+ 25. Kxg2 Qd5+ 26. Nf3 e4 27. Ng1 Bxb2 28. Rd1 Qxa2 29. Rxd8 Rxd8 30. Qxb4 e3 31. Nf3 Bf6 32. Qc5 Qe6 33. Qb4 Rc8 34. Rc1 Rc4 35. Qb8+ Kg7 36. h3 Qe4 37. Qb3 Rc3 0-1

[Event "Madrid-chT 1819"]
[Site "Madrid"]
[Date "2018.11.17"]
[Round "1.4"]
[White "Alarcia Astiz, Carlos"]
[Black "Ruperez Benito, Antonio"]
[Result "0-1"]
[WhiteElo "2291"]
[BlackElo "2348"]
[PlyCount "72"]
[EventDate "2018.11.17"]
[EventType "team-tourn"]
[EventRounds "14"]
[EventCountry "ESP"]
[SourceTitle "CBM 189 Extra"]
[Source "ChessBase"]
[SourceDate "2019.06.03"]
[SourceVersion "1"]
[SourceVersionDate "2019.06.03"]
[SourceQuality "1"]
[WhiteTeam "Blanco y Negro"]
[BlackTeam "Villalba 64"]
[WhiteTeamCountry "ESP"]
[BlackTeamCountry "ESP"]

1. e4 e6 2. d3 d5 3. Nd2 Nf6 4. g3 Nc6 5. Bg2 e5 6. Ngf3 Bd6 7. 0-0 0-0 8. Re1 Be6 9. c3 h6 10. h3 Qd7 11. Kh2 Rad8 12. Qe2 a5 13. d4 Nxe4 14. Nxe4 dxe4 15. Nxe5 Nxe5 16. dxe5 Bxe5 17. Qxe4 Bd5 18. Qxd5 Qxd5 19. Bxd5 Rxd5 20. a4 f5 21. f4 Bf6 22. Kg2 Rd3 23. Be3 Re8 24. Kf2 Kf7 25. Re2 Re4 26. Rae1 b6 27. Kg2 Rxa4 28. Bd4 Bxd4 29. Re7+ Kg8 30. cxd4 Raxd4 31. Rxc7 Rd2+ 32. Kf1 Rxb2 33. h4 h5 34. Rb7 a4 35. Ra7 b5 36. Rc1 Rdd2 0-1

[Event "Madrid-chT 1718"]
[Site "Madrid"]
[Date "2018.02.18"]
[Round "10.15"]
[White "Cabrejos Tovar, Jose"]
[Black "Alarcia Astiz, Carlos"]
[Result "1-0"]
[WhiteElo "2142"]
[BlackElo "2275"]
[PlyCount "107"]
[EventDate "2017.11.19"]
[EventType "team-tourn"]
[EventRounds "14"]
[EventCountry "ESP"]
[SourceTitle "EXT 2019"]
[Source "ChessBase"]
[SourceDate "2018.10.10"]
[SourceVersion "1"]
[SourceVersionDate "2018.10.10"]
[SourceQuality "1"]
[WhiteTeam "Alcorcon"]
[BlackTeam "Blanco y Negro"]
[WhiteTeamCountry "ESP"]
[BlackTeamCountry "ESP"]

1. f4 d5 2. Nf3 Nf6 3. g3 g6 4. Bg2 Bg7 5. 0-0 0-0 6. d3 c6 7. h3 Nbd7 8. Qe1 Re8 9. e4 dxe4 10. dxe4 e5 11. f5 Qb6+ 12. Kh2 gxf5 13. Nh4 f4 14. Nf5 Nf8 15. Nxg7 Kxg7 16. gxf4 exf4 17. Qc3 Ng6 18. Bxf4 Qb5 19. Na3 Qh5 20. Bc7 Ne5 21. Nc4 Nxc4 22. Qxf6+ Kg8 23. Rf3 Ne5 24. Rg3+ Ng6 25. Rf1 Be6 26. Be5 Kf8 27. Qg7+ Ke7 28. Bf6+ Kd7 29. Rg5 Qe2 30. Qxh7 Rg8 31. Bd4 Raf8 32. Rf2 Qc4 33. Rg3 Kc8 34. Bxa7 Qxa2 35. Bc5 Rd8 36. Ra3 Qxb2 37. Ra8+ Kc7 38. Rxf7+ Bxf7 39. Qxf7+ Rd7 40. Qxg8 Qe5+ 41. Kh1 Rd1+ 42. Bg1 Rxg1+ 43. Kxg1 Qd4+ 44. Kh2 Qd6+ 45. Kg1 Qd1+ 46. Kf2 Qd2+ 47. Kf3 Qd1+ 48. Kg3 Qd6+ 49. Kg4 Qd7+ 50. Kg5 Qd2+ 51. Kxg6 Qxg2+ 52. Kf7 Qf3+ 53. Kg7 Qg3+ 54. Kh8 1-0

[Event "Madrid-chT 1718"]
[Site "Madrid"]
[Date "2018.01.20"]
[Round "6.35"]
[White "Alarcia Astiz, Carlos"]
[Black "Lopez del Alamo, Antonio"]
[Result "0-1"]
[WhiteElo "2275"]
[BlackElo "2238"]
[PlyCount "80"]
[EventDate "2017.11.19"]
[EventType "team-tourn"]
[EventRounds "14"]
[EventCountry "ESP"]
[SourceTitle "EXT 2019"]
[Source "ChessBase"]
[SourceDate "2018.10.10"]
[SourceVersion "1"]
[SourceVersionDate "2018.10.10"]
[SourceQuality "1"]
[WhiteTeam "Blanco y Negro"]
[BlackTeam "Villalba 64"]
[WhiteTeamCountry "ESP"]
[BlackTeamCountry "ESP"]

1. e4 c5 2. Nf3 e6 3. d4 cxd4 4. Nxd4 Nf6 5. Nc3 Nc6 6. Ndb5 d6 7. Bf4 e5 8. Bg5 a6 9. Na3 b5 10. Bxf6 gxf6 11. Nd5 Bg7 12. c3 Ne7 13. Nxe7 Qxe7 14. Nc2 f5 15. exf5 0-0 16. Ne3 Bb7 17. Nd5 Bxd5 18. Qxd5 Rac8 19. Rd1 Rfd8 20. Be2 Rc5 21. Qd2 e4 22. Qf4 d5 23. 0-0 Rc6 24. f3 Be5 25. Qg4+ Kh8 26. fxe4 Rh6 27. g3 Rg8 28. Qf3 Qh4 29. Kf2 Qxh2+ 30. Ke1 Rxg3 31. Qf2 Rg2 32. Qe3 Rh3 33. Rf3 Rxf3 34. Qxf3 Bg3+ 35. Kd2 Bf4+ 36. Kd3 Rg3 37. exd5 Rxf3+ 38. Bxf3 Qxb2 39. Ke4 Bd6 40. Rd3 Kg7 0-1

[Event "Madrid-chT 1617"]
[Site "Madrid"]
[Date "2017.02.19"]
[Round "10.22"]
[White "Alarcia Astiz, Carlos"]
[Black "Rubio Mejia, Luis Ignacio"]
[Result "1/2-1/2"]
[WhiteElo "2331"]
[BlackElo "2443"]
[PlyCount "56"]
[EventDate "2016.11.20"]
[EventType "team-tourn"]
[EventRounds "14"]
[EventCountry "ESP"]
[SourceTitle "EXT 2018"]
[Source "ChessBase"]
[SourceDate "2017.10.13"]
[SourceVersion "1"]
[SourceVersionDate "2017.10.13"]
[SourceQuality "1"]
[WhiteTeam "Blanco y Negro"]
[BlackTeam "Virgen de Atocha"]
[WhiteTeamCountry "ESP"]
[BlackTeamCountry "ESP"]

1. d4 Nf6 2. Nf3 e6 3. c4 Bb4+ 4. Bd2 Qe7 5. a3 Bxd2+ 6. Qxd2 0-0 7. Nc3 d6 8. e4 e5 9. d5 Bg4 10. Be2 c6 11. 0-0 Bxf3 12. Bxf3 cxd5 13. cxd5 Nbd7 14. b4 Rfc8 15. Rfc1 Rc7 16. Nb5 Rxc1+ 17. Rxc1 a6 18. Nc3 Rc8 19. Na4 Rxc1+ 20. Qxc1 Qd8 21. h3 Kf8 22. Qc3 Ke7 23. Kf1 g6 24. g3 h5 25. h4 Ne8 26. Qc1 Nb6 27. Nb2 Qd7 28. Be2 Nf6 1/2-1/2

[Event "Madrid-chT 1617"]
[Site "Madrid"]
[Date "2016.12.11"]
[Round "3.12"]
[White "Espinosa Aranda, Angel"]
[Black "Alarcia Astiz, Carlos"]
[Result "1-0"]
[WhiteElo "2442"]
[BlackElo "2331"]
[PlyCount "109"]
[EventDate "2016.11.20"]
[EventType "team-tourn"]
[EventRounds "14"]
[EventCountry "ESP"]
[SourceTitle "EXT 2018"]
[Source "ChessBase"]
[SourceDate "2017.10.13"]
[SourceVersion "1"]
[SourceVersionDate "2017.10.13"]
[SourceQuality "1"]
[WhiteTeam "Virgen de Atocha"]
[BlackTeam "Blanco y Negro"]
[WhiteTeamCountry "ESP"]
[BlackTeamCountry "ESP"]

1. d4 d5 2. Nf3 Nf6 3. g3 e6 4. Bg2 c5 5. 0-0 Nc6 6. c4 dxc4 7. Qa4 Bd7 8. dxc5 Bxc5 9. Qxc4 Be7 10. Nc3 0-0 11. Rd1 Rc8 12. Be3 a6 13. Qd3 Nb4 14. Qb1 Qa5 15. a3 Nbd5 16. Bd2 Qb6 17. Ne5 Bc6 18. Nxc6 bxc6 19. Qc2 Rb8 20. Na4 Qb5 21. e3 Rfc8 22. Bf1 Qb7 23. b4 Nd7 24. e4 N5f6 25. Bf4 e5 26. Be3 Ng4 27. Bc5 Nxc5 28. Nxc5 Bxc5 29. Qxc5 Nf6 30. Qxe5 c5 31. bxc5 Nd7 32. c6 Qxc6 33. Qd6 Nc5 34. Qxc6 Rxc6 35. Rac1 Rcc8 36. Bh3 Rc7 37. Rc4 Kf8 38. a4 Rb6 39. Rdc1 Re7 40. Rxc5 Rxe4 41. Rc8+ Re8 42. a5 Rd6 43. Bf1 Rd5 44. Rxe8+ Kxe8 45. Ra1 Rd6 46. Kg2 Kd7 47. Rb1 Rd5 48. Rb7+ Ke8 49. Bxa6 Rxa5 50. Bc4 Rf5 51. f4 h6 52. Kf3 Rf6 53. Ke4 Kf8 54. Ke5 Kg8 55. Rb8+ 1-0

[Event "Madrid-chT 1617"]
[Site "Madrid"]
[Date "2016.11.27"]
[Round "2.33"]
[White "Gallego Jimenez, Victoriano"]
[Black "Alarcia Astiz, Carlos"]
[Result "1/2-1/2"]
[WhiteElo "2364"]
[BlackElo "2331"]
[PlyCount "44"]
[EventDate "2016.11.20"]
[EventType "team-tourn"]
[EventRounds "14"]
[EventCountry "ESP"]
[SourceTitle "EXT 2018"]
[Source "ChessBase"]
[SourceDate "2017.10.13"]
[SourceVersion "1"]
[SourceVersionDate "2017.10.13"]
[SourceQuality "1"]
[WhiteTeam "La Casa del Ajedrez"]
[BlackTeam "Blanco y Negro"]
[WhiteTeamCountry "ESP"]
[BlackTeamCountry "ESP"]

1. d4 d5 2. c4 c6 3. Nf3 Nf6 4. Qc2 e6 5. Nbd2 Be7 6. e4 dxe4 7. Nxe4 Nbd7 8. Bd3 Nxe4 9. Bxe4 Nf6 10. Bd3 c5 11. dxc5 Bxc5 12. 0-0 h6 13. b4 Be7 14. Bb2 0-0 15. Rad1 Qe8 16. Bc3 b6 17. Be4 Rb8 18. Ne5 Nxe4 19. Qxe4 Bf6 20. Qe3 Rb7 21. b5 Bxe5 22. Qxe5 f6 1/2-1/2

[Event "Madrid-chT 1516"]
[Site "Madrid"]
[Date "2016.02.21"]
[Round "11.22"]
[White "Arribas Lopez, Angel"]
[Black "Alarcia Astiz, Carlos"]
[Result "1-0"]
[WhiteElo "2526"]
[BlackElo "2337"]
[PlyCount "119"]
[EventDate "2015.11.22"]
[EventType "team-tourn"]
[EventRounds "14"]
[EventCountry "ESP"]
[SourceTitle "EXT 2017"]
[Source "ChessBase"]
[SourceDate "2016.10.25"]
[SourceVersion "1"]
[SourceVersionDate "2016.10.25"]
[SourceQuality "1"]
[WhiteTeam "Collado Villalba"]
[BlackTeam "Blanco y Negro"]
[WhiteTeamCountry "ESP"]
[BlackTeamCountry "ESP"]

1. e4 c6 2. Ne2 d5 3. e5 c5 4. b4 cxb4 5. a3 Nc6 6. Bb2 e6 7. Ng3 Qh4 8. d4 Bd7 9. Be2 g6 10. 0-0 h5 11. axb4 Bxb4 12. c3 Ba5 13. Nd2 Qd8 14. Bd3 Nh6 15. Nf3 a6 16. c4 h4 17. Ne2 dxc4 18. Bxc4 Ne7 19. d5 0-0 20. dxe6 Bxe6 21. Bxe6 fxe6 22. Qd6 Qxd6 23. exd6 Nc6 24. Ned4 Nxd4 25. Nxd4 Bb4 26. Nxe6 Rf7 27. Rfd1 Rd7 28. Nc7 Rad8 29. Bf6 Rb8 30. Be7 Kf7 31. g4 hxg3 32. fxg3 Nf5 33. Rf1 Kg8 34. Nd5 Bc5+ 35. Kh1 Kg7 36. Nf6 Rxe7 37. dxe7 Bxe7 38. Nd5 Bc5 39. Rfb1 Bd6 40. Rb6 Bc5 41. Rbb1 Bd6 42. Ra4 Kf7 43. g4 Ng7 44. Rb6 Ne8 45. Kg2 Bc5 46. Rb1 Bd6 47. h4 Ke6 48. Nf4+ Bxf4 49. Rxf4 b5 50. Re1+ Kd7 51. Rf7+ Kd6 52. Rf8 Kd7 53. h5 gxh5 54. gxh5 Rc8 55. h6 Rc2+ 56. Kg1 Rc6 57. h7 Rh6 58. h8Q Rxh8 59. Rxh8 Nf6 60. Rh6 1-0